000 00753nam a2200241Ia 4500
003 GCL
008 140319s9999 xx 000 0 ara d
040 _aGCL /
_cGCL
082 0 4 _a810.9
_bم د
100 1 _aمحمد مصطفى هدارة
245 1 0 _aدراسات فى الادب العربى الحديث /
_cمحمد مصطفى هدارة
260 _a[S.N] :
_bدار العلوم العربية ،
_c1990
300 _a352 ص
490 _a
650 0 4 _aالشعر العربى
650 0 4 _aالادب العربى
650 0 4 _aالعصر الحديث
650 0 4 _aالقصص العربية
650 0 4 _aالقصص العربية المترجمة
650 0 4 _aالنثر
650 0 4 _aتاريخ ونقد
942 _2ddc
_cBK
999 _c54121
_d54121